书目信息 |
| 题名: |
BIM技术与建模技巧
|
|
| 作者: | 王帅 , 赵建 主编 | |
| 分册: | 中级篇 | |
| 出版信息: | 天津 天津大学出版社 2021.05 |
|
| 页数: | 259页 | |
| 开本: | 26cm | |
| 丛书名: | 走近BIM和参数化设计系列丛书 | |
| 单 册: | ||
| 中图分类: | TU201.4 | |
| 科图分类: | ||
| 主题词: | 建筑设计--jian zhu she ji--计算机辅助设计--应用软件--教材 | |
| 电子资源: | ||
| ISBN: | 978-7-5618-6859-1 | |
| 000 | 01211nam 2200289 450 | |
| 001 | 2132800570 | |
| 005 | 20210716082709.8 | |
| 010 | @a978-7-5618-6859-1@dCNY78.00 | |
| 100 | @a20210712d2021 em y0chiy0120 ea | |
| 101 | 0 | @achi |
| 102 | @aCN@b120000 | |
| 105 | @aa z 000yy | |
| 106 | @ar | |
| 200 | 1 | @aBIM技术与建模技巧@ABIM ji shu yu jian mo ji qiao@i中级篇@f主编王帅, 赵建 |
| 210 | @a天津@c天津大学出版社@d2021.05 | |
| 215 | @a259页@c彩图@d26cm | |
| 225 | 2 | @a走近BIM和参数化设计系列丛书@Azou jin BIMhe can shu hua she ji xi lie cong shu |
| 330 | @a本书旨在承接BIM基础课程, 从Revit的更多操作技巧入手, 针对BIM课程所需的相关操作进行介绍, 其中涉及到多种软件之间的关联。并着重介绍了与之并列的BIM核心建模软件ArchiCAD, 在国内教学领域创造性的同时引入Revit与ArchiCAD, 学习者在对比学习的过程中能对BIM的理解更为深入和充分。 | |
| 333 | @a“互联网+”新形态立体化教材 | |
| 410 | 0 | @12001 @a走近BIM和参数化设计系列丛书 |
| 517 | 1 | @a中级篇@Azhong ji pian |
| 606 | 0 | @a建筑设计@Ajian zhu she ji@x计算机辅助设计@x应用软件@j教材 |
| 690 | @aTU201.4@v5 | |
| 701 | 0 | @a王帅@Awang shuai@4主编 |
| 701 | 0 | @a赵建@Azhao jian@4主编 |
| 801 | 0 | @aCN@b人天书店@c20210712 |
| 905 | @aTSG@b0000061@dTU201.4@eW353@f2 | |
| BIM技术与建模技巧.中级篇/主编王帅, 赵建.-天津:天津大学出版社,2021.05 |
| 259页:彩图;26cm.-(走近BIM和参数化设计系列丛书) |
| 使用对象:“互联网+”新形态立体化教材 |
| ISBN 978-7-5618-6859-1:CNY78.00 |
| 本书旨在承接BIM基础课程, 从Revit的更多操作技巧入手, 针对BIM课程所需的相关操作进行介绍, 其中涉及到多种软件之间的关联。并着重介绍了与之并列的BIM核心建模软件ArchiCAD, 在国内教学领域创造性的同时引入Revit与ArchiCAD, 学习者在对比学习的过程中能对BIM的理解更为深入和充分。 |
| ● |
| 相关链接 |
|
|
|
正题名:BIM技术与建模技巧
索取号:TU201.4/W353
 
预约/预借
| 序号 | 登录号 | 条形码 | 馆藏地/架位号 | 状态 | 备注 |
| 1 | 1534917 | 215349175 | 建筑库101/101建筑库 36排1列3层/ [索取号:TU201.4/W353] | 在馆 | |
| 2 | 1534918 | 215349184 | 建筑库101/101建筑库 36排1列3层/ [索取号:TU201.4/W353] | 在馆 |